00548nam a2200133 a 450000100100000000500170001000800410002704000250006811000590009324500820015226001340023430000180036850400280038600000606020200929151917.0090826s1997 dr 000 0 spa d aDO-SdBNPbspacBNPHU1 aRepública Dominicana.bPresidencia de la República10aLagislación del estado Dominicano sobre división territorial (1844-1996). aSanto Domingo :bComisión Presidencial para la Reforma y Modernización del Estado :bOficina Ncional de Estadística,c1997. a139 ;c29 cm. aBibliografía : p. 139